Marketing dictionary (Record no. 23037)
[ view plain ]
| 000 -LEADER | |
|---|---|
| fixed length control field | 00280nam a2200109Ia 4500 |
| 082 ## - DEWEY DECIMAL CLASSIFICATION NUMBER | |
| Classification number | 658.8(038) |
| Item number | STR |
| 100 ## - MAIN ENTRY--AUTHOR NAME | |
| Personal name | Strand, Stanley |
| 245 #0 - TITLE STATEMENT | |
| Title | Marketing dictionary |
| 490 ## - SERIES STATEMENT | |
| Series statement | New York Philosophical library 1962 |
| 942 ## - ADDED ENTRY ELEMENTS (KOHA) | |
| Koha item type | Books |
| Withdrawn status | Lost status | Damaged status | Not for loan | Home library | Current library | Date acquired | Cost, normal purchase price | Full call number | Accession Number | Koha item type |
|---|---|---|---|---|---|---|---|---|---|---|
| RRII Library | RRII Library | 16/12/2021 | 85.00 | 658.8(038) STR | 03745 | Books |